Top 10 państw UE z najwyższym średnim wiekiem aut - Statystyki

Ogólne statystyki
  • Ten quiz został rozwiązany 57 razy
  • Średni wynik to 8 z 10
Statystyki odpowiedzi
Średni wiek Kraj % Poprawnych
14,3 Polska
98%
14,3 Słowacja
80%
15,3 Czechy
78%
17 Litwa
78%
14,3 Łotwa
78%
16,9 Rumunia
78%
16,7 Estonia
76%
16,6 Grecja
76%
14,2 Węgry
71%
14,8 Chorwacja
64%
Nie znaleziono quizów pasujących do podanych kryteriów
Rozkład punktacji
Procent ludzi z każdym wynikiem
Percentyl według liczby udzielonych odpowiedzi
Twoja historia wyników
Nie rozwiązałeś tego quizu